000 00385nam a2200145Ia 4500
005 20250429073103.0
008 240331s9999 xx 000 0 und d
082 _a294
_bNAA
245 0 _aNaatar samygal
260 _aKodampagam
_bThannaanne Pathippagam
_c2002
300 _a158 p .,
500 _aNaataar saamikal Thodarbana vivara katooraigal
700 _aArazuu.V.
_eedt
942 _cL
999 _c963
_d963